<?xml version="1.0" encoding="UTF-8"?>
<record
    xmlns:xsi="http://www.w3.org/2001/XMLSchema-instance"
    xsi:schemaLocation="http://www.loc.gov/MARC21/slim http://www.loc.gov/standards/marcxml/schema/MARC21slim.xsd"
    xmlns="http://www.loc.gov/MARC21/slim">

  <leader>00681nam a22002057a 4500</leader>
  <controlfield tag="005">20240614114947.0</controlfield>
  <datafield tag="010" ind1=" " ind2=" ">
    <subfield code="a">ENG-140604</subfield>
  </datafield>
  <datafield tag="020" ind1=" " ind2=" ">
    <subfield code="c">365.00</subfield>
    <subfield code="a">9788179896578</subfield>
  </datafield>
  <datafield tag="035" ind1=" " ind2=" ">
    <subfield code="a">EN-124136</subfield>
  </datafield>
  <datafield tag="037" ind1=" " ind2=" ">
    <subfield code="b">DBAD</subfield>
  </datafield>
  <datafield tag="082" ind1=" " ind2=" ">
    <subfield code="a">540</subfield>
    <subfield code="2">1</subfield>
  </datafield>
  <datafield tag="100" ind1=" " ind2=" ">
    <subfield code="a">Gupta, Shalendra</subfield>
    <subfield code="9">67509</subfield>
  </datafield>
  <datafield tag="245" ind1=" " ind2=" ">
    <subfield code="a">NTA CUET UG Chemistry/</subfield>
    <subfield code="c">By Shalendra Gupta [and] Prashant Jain</subfield>
  </datafield>
  <datafield tag="250" ind1=" " ind2=" ">
    <subfield code="a">1</subfield>
  </datafield>
  <datafield tag="260" ind1=" " ind2=" ">
    <subfield code="a">Noida</subfield>
    <subfield code="b">Pearson India Education Pvt Ltd</subfield>
    <subfield code="c">2024</subfield>
  </datafield>
  <datafield tag="270" ind1=" " ind2=" ">
    <subfield code="a">1st Floor, Berger Tower, Plot No. C-001/2, Sector 16B</subfield>
    <subfield code="b">Noida</subfield>
    <subfield code="e">201301</subfield>
    <subfield code="m">companysecretary.india@pearson.com</subfield>
  </datafield>
  <datafield tag="300" ind1=" " ind2=" ">
    <subfield code="a">xxxix+vp.</subfield>
    <subfield code="c">23cm(pbk)</subfield>
  </datafield>
  <datafield tag="700" ind1=" " ind2=" ">
    <subfield code="a">Jain, Prashant</subfield>
    <subfield code="e">Author</subfield>
    <subfield code="9">67483</subfield>
  </datafield>
  <datafield tag="942" ind1=" " ind2=" ">
    <subfield code="2">ddc</subfield>
    <subfield code="c">EN</subfield>
    <subfield code="h">540</subfield>
    <subfield code="m">GUP</subfield>
    <subfield code="e">1</subfield>
  </datafield>
  <datafield tag="999" ind1=" " ind2=" ">
    <subfield code="c">203596</subfield>
    <subfield code="d">203596</subfield>
  </datafield>
  <datafield tag="952" ind1=" " ind2=" ">
    <subfield code="0">0</subfield>
    <subfield code="1">0</subfield>
    <subfield code="4">0</subfield>
    <subfield code="7">0</subfield>
    <subfield code="8">NFIC</subfield>
    <subfield code="a">L</subfield>
    <subfield code="b">L</subfield>
    <subfield code="d">2024-06-14</subfield>
    <subfield code="e">DBAD</subfield>
    <subfield code="g">365.00</subfield>
    <subfield code="l">3</subfield>
    <subfield code="m">1</subfield>
    <subfield code="o">540 GUP</subfield>
    <subfield code="p">EN-124136</subfield>
    <subfield code="q">2026-06-06</subfield>
    <subfield code="r">2026-05-23 13:00:31</subfield>
    <subfield code="s">2026-05-23</subfield>
    <subfield code="t">1</subfield>
    <subfield code="v">365.00</subfield>
    <subfield code="w">2024-06-14</subfield>
    <subfield code="y">EN</subfield>
  </datafield>
</record>
